精準ソ失控
| 資料類型: | 圖書 | 書目號: | 42725 |
Leader xxxxxxxxxx 001 __ PCLIS00042725 005 __ 20220317121351.0 010 0_ |a978-986-6345-34-0|b平裝|dNT$280 100 __ |a20101026d2010 m y0chiy09 e 101 0_ |achi 102 __ |atw 105 __ |aa z 000ay 200 1_ |a精準ソ失控|f九把刀作||dPrecisely out of controlf九把刀作 205 __ |a初版 210 __ |a臺北市|c春天出版|a臺北縣新店市|c楨德總經銷|d2010.07[民99] 215 0_ |a351面|c圖|d21公分 225 1_ |a九把刀電影院|v12 510 1_ |aPrecisely out of contro|zeng 516 11 |aa精準的失控|zchi 681 __ |a857.7|b8656 700 _0 |a九把刀|4作 801 _0 |atw|b內湖高中|c20101026|gCCR |